MLN : Habrá patria para todos /

Guardado en:
Bibliografiske detaljer
Institution som forfatter: Acto del Movimiento de Liberación Nacional [Uruguay] ( Montevideo, Uruguay) (autor)
Andre forfattere: Louise, Néstor (autor) (autor)
Format: Procedimiento de la conferencia Bog
Sprog:spansk
Fag:
Tags: Tilføj Tag
Ingen Tags, Vær først til at tagge denne postø!

MARC

LEADER 00000nam^a2200000^a^4500
001 000390505
005 20250521000000.0
009 20260310121149.174
037 |a Acervo ITESO - Biblioteca 
041 |a ESP 
082 |a 322. 42  |b ACT 
111 |a Acto del Movimiento de Liberación Nacional [Uruguay] (  |d 1986 :  |c Montevideo, Uruguay)  |e (autor) 
245 1 0 |a MLN :  |b Habrá patria para todos /  |c Acto del Movimiento de Liberación Nacional [Uruguay], N. Louise... [et al.]. 
264 |a Montevideo, Uruguay :  |b Movimiento de Liberación Nacional,  |c 1986 
300 |a 72 p. 
336 |a texto  |b txt  |2 rdacontenido 
337 |a sin mediación  |b n  |2 rdamedio 
338 |a volumen  |b nc  |2 rdasoporte 
649 |a XX 
650 |a Movimiento de Liberación Nacional (Uruguay) -  |x Congresos -  |x Tema Principal 
650 |a Movimientos Políticos -  |z Uruguay 
650 |a Izquierda, La -  |z Uruguay -  |x Historia -  |y 1985-1990 
650 |a Capitalismo -  |z Uruguay -  |x Historia -  |y 1985-1990 
650 |a Socialismo -  |z Uruguay -  |x Historia -  |y 1985-1990 
650 |a Política -  |z Uruguay -  |x Historia -  |y 1985-1990 -  |x Tema Principal 
650 |a Uruguay -  |x Historia -  |y 1985-1990 
650 |a Uruguay -  |x Condiciones Políticas 
700 |a Louise, Néstor  |e (autor) 
910 |a Fondo Carlos Núñez Hurtado 
920 |a Impresos - Libros 
930 |a Fondos Especiales 
905 |a 117 
901 |a 0500285423  |b IT2  |c ESP  |i D79581  |u 20250521 
902 |a https://opac.biblio.iteso.mx/vufind/Record/000390505